Normal view
MARC view
- Computer architecture. -software documention
Entry Topical Term
001 - CONTROL NUMBER
- control field: 3952
003 - CONTROL NUMBER IDENTIFIER
- control field: JO-AjAnu
005 - DATE AND TIME OF LATEST TRANSACTION
- control field: 20230606070941.0
008 - FIXED-LENGTH DATA ELEMENTS
- fixed length control field: 230606|| aca||aabn | a|a d
040 ## - CATALOGING SOURCE
- Original cataloging agency: JO-AjAnu
- Transcribing agency: JO-AjAnu
150 ## - HEADING--TOPICAL TERM
- Topical term or geographic name entry element: Computer architecture. -software documention
670 ## - SOURCE DATA FOUND
- Source citation: Work cat.: (JO-AjAnu)2058: Views,Beyond, author 3951, Documenting SoftWare Architectures